00533nam a22001817a 450000500170000000800410001704000070005804100120006508200250007710000350010224500300013726000500016730000260021765000230024365000230026665000270028970000350031620220713153208.0220713b ||||| |||| 00| 0 eng d cAL aEnglish 223a331.767205bUNIL aUnited Steelworkers of America aLegislation and you Vol 3 aAmericabUnited steelworkers of Americac1971 a271 p.bPBc20x14 cm. aPension Protection aVoter Registration aWage and price control aUNITED STEELWORKERS OF AMERICA